000 00842nam a2200253 a 4500
001 26426
003 CO-ViMGA
008 141112s2004 ck r 000 u spa d
020 _a9789586955591
040 _aCO-ViMGA
_bspa
_cCO-ViMGA
041 _aSPA
090 _aN JAR9
100 1 _aJaramillo González, Samuel, 1950 -
_92610
245 1 0 _aDiario de la luz y las tinieblas :
_bFrancisco Joseph de Caldas /
_cSamuel Jaramillo González
250 _a1a ed.
260 _aBogotá :
_bUniversidad de Los Andes,
_cFacultad de Artes y Humanidades,
_c2014
300 _a474 p.
600 _aCALDAS, FRANCISCO JOSE DE, 1771 - 1816
_941133
650 1 4 _aAUTORES COLOMBIANOS
_932
650 1 4 _aNOVELA COLOMBIANA - SIGLO XX
_92058
650 1 4 _aNOVELA HISTORICA COLOMBIANA
_92105
651 _aCOLOMBIA - HISTORIA
_941134
942 _2ddc
_cBK
999 _c2390
_d2390